| 000 | 00355nam a2200145 a 4500 | ||
|---|---|---|---|
| 001 | 5600 | ||
| 003 | CDMR | ||
| 005 | 20131001161948.0 | ||
| 008 | 130130s1967||||||||||||||||||||||||||||d | ||
| 040 |
_aCDMR _bcat _cCDMR |
||
| 245 | 0 | _aTelevisión y pastoral | |
| 260 |
_aBilbao _c1967 _bEléxpuru |
||
| 490 | 0 | _aBiblioteca de estudios pastorales | |
| 942 |
_cMON _2udc |
||
| 999 |
_c5600 _d5600 |
||